000 nkm a22 a 4500
999 _c212170
_d212170
003 BLK
005 20230107144141.0
008 180413b bul rap|r|||| r0| ||bulo|
010 _aKNG00208381000
020 _a9786197198201
020 _a8591773188816
040 _aBLK
041 _aBUL
_cBUL
072 7 _2bullib
_aН86
_xДетска отраслова литература Н
080 _aОблекло. Носия. Мода. Накит. Вж и 613.4 ; 646 ; 687
_b391
_x(497.2):087.5
_z391(497.2):087.5
080 _aХудожествени ръкоделия
_b746
_x:087.5
_z746:087.5
139 _aБългарски народни носии и шевици
_bБ 92
245 1 0 _aБългарски народни носии и шевици
_bТворчески занимания за деца : Оцветяване, рисуване, любопитни факти
_cсъстав. Диана Бойчева; състав. Петя Валентинова Димитрова; худож. Марко Марков.
246 1 1 _aBulgarian National Costumes and Patterns: Creative activities for children : Colouring, drawing, curious facts
257 _aBGR
260 _aСофия
_bБГкнига
_c2015
_fСофия : Д. Благоев
300 _a216 с.
_bс цв. ил.
_c28 см
380 _aDN
500 _aЗагл. на кор.: Bulgarian traditional costumes and patterns: creative activities for children.
650 4 _aНародни носии
_9288559
653 _aнародни носии
653 _aшевици
653 _aкнижки за оцветяване
659 _aН
700 1 _aБойчева, Диана
_eсъстав.
_9353058
700 1 _aДимитрова, Петя Валентинова
_eсъстав.
_9353056
700 1 _aМарков, Марко
_eхудож.
_gВанков, Марко Марков
_9364381
852 _aЦб ІІ 28188
_bЦб
856 4 _qpdf
_u
856 4 _qpdf
_u
942 _cGRA
_n0
_07
_s1
944 _aCR
_c21.06.2017
_kВиолета_Тройчева
944 _aED
_c14.07.2017
_kГеновева_Генчева
999 _d212170
999 _d212170
999 _d212170